000 00278nam a2200097Ia 4500
082 _a747.92 ATKI
245 0 _aIdeas for great home lighting
100 _a ATKINSON, Scott Menlo Park, Calif., 2003
_996654
942 _cBK
008 210817s9999 xx 000 0 und d
999 _c407039
_d407038